Dịch tễ học với môi trường sống ở vùng nông thôn Việt Nam
Trình bày những vấn đề cơ bản về dịch tễ học với môi trường sống ở vùng nông thôn Việt Nam: mối quan hệ giữa cơ thể và môi trường; vệ sinh môi trường trong chăn nuôi; vệ sinh thức ăn và dinh dưỡng; đại cương về dịch tễ học; nguồn lây bệnh và nguồn lây nhiễm; vệ sinh vật nuôi và vệ sinh các nguồn lây...
שמור ב:
| מחבר ראשי: | |
|---|---|
| פורמט: | ספר |
| שפה: | Vietnamese |
| יצא לאור: |
H.
Văn hoá Thông tin
2014
|
| נושאים: | |
| תגים: |
הוספת תג
אין תגיות, היה/י הראשונ/ה לתייג את הרשומה!
|
| Thư viện lưu trữ: | Mạng thư viện Đại học Đà Nẵng |
|---|
| LEADER | 01597aam a22003618a 4500 | ||
|---|---|---|---|
| 001 | 000020142 | ||
| 003 | 16584 | ||
| 005 | 20150303080354.0 | ||
| 008 | 150206s2014 viesd | ||
| 020 | |d 750b | ||
| 041 | 0 | |a vie | |
| 082 | 0 | 4 | |2 23 |a 614.4 |b NG-N |
| 100 | 1 | |a Nguyễn Hùng Nguyệt | |
| 245 | 1 | 0 | |a Dịch tễ học với môi trường sống ở vùng nông thôn Việt Nam |c Nguyễn Hùng Nguyệt |
| 260 | |a H. |b Văn hoá Thông tin |c 2014 | ||
| 300 | |a 403 tr. |b bảng |c 21 cm. | ||
| 520 | |a Trình bày những vấn đề cơ bản về dịch tễ học với môi trường sống ở vùng nông thôn Việt Nam: mối quan hệ giữa cơ thể và môi trường; vệ sinh môi trường trong chăn nuôi; vệ sinh thức ăn và dinh dưỡng; đại cương về dịch tễ học; nguồn lây bệnh và nguồn lây nhiễm; vệ sinh vật nuôi và vệ sinh các nguồn lây nhiễm... | ||
| 650 | 0 | 4 | |a Dịch tễ học |x Nông thôn |z Việt Nam |
| 650 | 7 | |2 Bộ TK TVQG | |
| 650 | 7 | |2 Bộ TK TVQG | |
| 650 | 7 | |2 Bộ TK TVQG | |
| 651 | 7 | |2 Bộ TK TVQG |a Việt Nam | |
| 653 | |a Dịch tễ học | ||
| OWN | |a LSP | ||
| AVA | |a UDN50 |b LSP |d 614.4 NG-N |e available |t Error 5001 Not defined in file expand_doc_bib_avail. |f 2 |g 0 |h N |i 0 |k 1 | ||
| 999 | |a From the UDN01 | ||
| AVA | |a UDN50 |b LSP |d 614.4 NG-N |e available |t Error 5001 Not defined in file expand_doc_bib_avail. |f 2 |g 0 |h N |i 0 |k 1 | ||
| TYP | |a Monograph | ||
| TYP | |a Printed language | ||
| 980 | |a Mạng thư viện Đại học Đà Nẵng | ||